1442 1680 1905 1878 1655 1792 1528 1202 1661 1092 1881 1539 1507 1373 1620 1141 1498 1773 1949 1605 1812 1816 1549 1383 1041 1346 1554 1159 1038 1429 1912 1721 1391 1812 1143 1943 1814 1294 1776 1572 1153 1739 1803 1768 1430 1499 1767 1751 1713 1497 1979 1812 1197 1154 1784 1790 1645 1644 1427 1287 1609 1198 1004 1534 1511 1573 1470 1282 1490 1640 1163 1210 1958 1254 1265 1241 1327 1250 1388 1049 1814 1388 1007 1951 1107 1772 1019 1079 1836 1362 1876 1976 1043 1536 1009 1329 1209 1107 1388 BCNSPRNW ULIB Ver.6.0+V

เปลี่ยนเป็นภาษาไทย

Change to English
 แสดงรายละเอียดบรรณานุกรม
  กลับหน้าหลัก

Brief Record : Get Marc (ISO 2709) : E-mail record : QR code < ปิดหน้าต่าง
LEADER : 00000nam 2200000uu 4500
001    13399123239
003     ULIB
008    140729s2552||||th 000 0 tha d
060  4 ^aWY18.8^bน927 ล.1
110 1  ^aคณะอาจารย์วิทยาลัยพยาบาลและกลุ่มพัฒนาการศึกษา สถาบันพระบรมราชชนก กระทรวงสาธารณสุข
245 00 ^aแนวทางการจัดการเรียนรู้แบบบูรณาการ รายวิชา การพยาบาลบุคคลที่มีปัญหาสุขภาพ 1/^cคณะอาจารย์วิทยาลัยพยาบาลและกลุ่มพัฒนาการศึกษา สถาบันพระบรมราชชนก กระทรวงสาธารณสุข
246 0  การพยาบาลบุคคลที่มีปัญหาสุขภาพ 1
260    ^aนนทบุรี:^bกลุ่มพัฒนาการศึกษา สถาบันพระบรมราชชนก,^c2552
300    ^a162 หน้า:^bตาราง,^c29 ซม
650  4 ^aการจัดการเรียนการสอน
650  4 ^aการเรียนการสอนแบบบูรณาการ
650  7 ^aการพยาบาลบุคคลที่มีปัญหาทางสุขภาพ
700 0  พจนา ปิยะปกรณ์ชัย,^eบรรณาธิการ^f
700 0  อำไพรัตน์ กลิ่นขจร,ุ^eบรรณาธิกา
945    ^p0^l0^i034519
945    ^p0^l0^i034520
945    ^p0^l0^i034521
945    ^p0^l0^i034522
945    ^p0^l0^i034523
945    ^p0^l0^i034524
945    ^p0^l0^i034525
999    ^aเกษร โพธิ์สุวรรณ
รายการนี้ยังไม่มีแท็ก
คุณยังไม่ได้ล็อกอิน คุณสามารถมีกิจกรรมร่วมกับเว็บไซต์ได้ แต่ต้องล็อกอินก่อน ::
  ล็อกอิน

รายการสื่อสารสนเทศ

ลำดับที่ ประเภท เลขเรียก/บาร์โค้ด สถานที่ สถานะ
1. Book การพยาบาล
หนังสือสำรอง
สถานะ=หนังสือสำรอง
WY18.8 น927 ล.1 ฉ.1 
  Barcode: 034519
ห้องสมุดวิทยาเขตสวรรค์ประชารักษ์
►ส่วนจัดเก็บหนังสือเก่า สปร
บนชั้น
  ขอยืม
Note:ฉบับถ่ายสำเนา
2. Book การพยาบาล
Book การพยาบาล
WY18.8 น927 ล.1 ฉ.2 
  Barcode: 034520
ห้องสมุดวิทยาเขตสวรรค์ประชารักษ์
►ส่วนจัดเก็บหนังสือเก่า สปร
บนชั้น
  ขอยืม
Note:ฉบับถ่ายสำเนา
3. Book การพยาบาล
Book การพยาบาล
WY18.8 น927 ล.1 ฉ.3 
  Barcode: 034521
ห้องสมุดวิทยาเขตสวรรค์ประชารักษ์
►ส่วนจัดเก็บหนังสือเก่า สปร
บนชั้น
  ขอยืม
Note:ฉบับถ่ายสำเนา
4. Book การพยาบาล
Book การพยาบาล
WY18.8 น927 ล.1 ฉ.4 
  Barcode: 034522
ห้องสมุดวิทยาเขตสวรรค์ประชารักษ์
►ส่วนจัดเก็บหนังสือเก่า สปร
บนชั้น
  ขอยืม
Note:ฉบับถ่ายสำเนา
5. Book การพยาบาล
Book การพยาบาล
WY18.8 น927 ล.1 ฉ.5 
  Barcode: 034523
ห้องสมุดวิทยาเขตสวรรค์ประชารักษ์
►ส่วนจัดเก็บหนังสือเก่า สปร
บนชั้น
  ขอยืม
Note:ฉบับถ่ายสำเนา
6. Book การพยาบาล
Book การพยาบาล
WY18.8 น927 ล.1 ฉ.6 
  Barcode: 034524
ห้องสมุดวิทยาเขตสวรรค์ประชารักษ์
►ส่วนจัดเก็บหนังสือเก่า สปร
บนชั้น
  ขอยืม
Note:ฉบับถ่ายสำเนา
7. Book การพยาบาล
Book การพยาบาล
WY18.8 น927 ล.1 ฉ.7 
  Barcode: 034525
ห้องสมุดวิทยาเขตสวรรค์ประชารักษ์
►ส่วนจัดเก็บหนังสือเก่า สปร
บนชั้น
  ขอยืม
Note:ฉบับถ่ายสำเนา

รายการใกล้เคียง
    หัวเรื่อง [การจัดการเรียนการสอน]
    หัวเรื่อง [การเรียนการสอนแบบบูรณาการ]
    หัวเรื่อง [การพยาบาลบุคคลที่มีปัญหาทางสุขภาพ]

BibComment


ยังไม่เคยถูกคอมเมนท์

คอมเมนท์ทรัพยากรรายการนี้
  คอมเมนท์: แนวทางการจัดการเ..


 Copyright 2026. Bcnsprnw @Library